| 000 | 00819nam a2200229Ia 4500 | ||
|---|---|---|---|
| 003 | GCL | ||
| 008 | 140319s9999 xx 000 0 ara d | ||
| 040 |
_aGCL / _cGCL |
||
| 082 | 0 | 4 |
_aق _b910.5 _bج م |
| 100 | 1 | _aصلاح الدين على الشامى | |
| 245 | 1 | 0 |
_aالمحاضرات العامة للموسمين الثقافين 1988-1989 , 1989-1990 / _cصلاح الدين على الشامى |
| 700 | 1 | _aمحمد السيد غلاب | |
| 700 | 1 | _aيوسف عبدالمجيد فايد | |
| 260 |
_a[S.N] : _bالجمعية الجغرافية المصرية |
||
| 300 | _a115 ص | ||
| 490 | _a | ||
| 650 | 0 | 4 | _aالجغرافيا الطبيعية |
| 650 | 0 | 4 | _aالجغرافيا |
| 650 | 0 | 4 | _aالجغرافيا الاقتصادية |
| 650 | 0 | 4 | _aالجغرافيا البشرية |
| 942 |
_2ddc _cBK |
||
| 999 |
_c34893 _d34893 |
||